000 00704nam a2200253Ia 4500
003 OSt
005 20220918192447.0
006 a|||||r|||| 00| 0
007 ta
008 220917b |||||||| |||| 00| 0 eng d
024 _a68,462
037 _cTextual
040 _aARTS
_cARTS
_beng
041 _2eng
_aeng
082 _aR3xN11:g, L7
100 _aGraham Keith
_979175
245 0 _aJ L Austin
_b a critique of ordinary language philosophy
260 _aLondon
_bHarvester Press
_c1977
300 _avii,381p.
_ccm.
490 _aHarvester studies in philosophy; 1
500 _aBib 274-76p
942 _hR3xN11:g, L7
_cTEXL
_2CC
999 _c194633
_d194633